Odporové zváranie Zborník ; Alžbeta Virgovičová

Bibliographic Details
Format: Book
Language:Slovak
PhysicalDescription:228 s., 11,62 AH Tb. Fot. Grafy. Sch. 20 cm
Published: Bratislava SVTS 1978
Edition:1. vyd.

MARC

LEADER 00000nam a2200000 a 4500
001 vtls001112672
003 SK-MaSNL
005 20260301190914.0
008 250414s1978 xo 0 slo
015 |a SNBA1978 
035 |a SNK000055515 
040 |a SNK  |b slo  |c SNK  |e AACR2 
041 0 |a slo 
044 |a xo  |c SK 
080 |a 621.791.76(08)  |2 1981 
245 0 0 |a Odporové zváranie  |b Zborník ; Alžbeta Virgovičová 
250 |a 1. vyd. 
260 |a Bratislava  |b SVTS  |c 1978  |e Bratislava  |f Edičné stredisko SVTS 
300 |a 228 s., 11,62 AH  |b Tb. Fot. Grafy. Sch.  |c 20 cm 
366 |e 300 výtl. 
500 |a Lit. 44. Čl. aj čes. Rozmn. 
700 1 |a Virgovičová, Alžbeta  |4 oth  |9 279494 
852 |a Slovenská národná knižnica 
958 |a OND 
958 |a NB 
958 |a RM 
999 |c 869167  |d 871097 
952 |a SNK  |b SNK  |y NEVYP  |7 1  |p 17A1137129  |o snkSC 44201 D1  |i snkD 2377/90  |8 1  |0 0  |1 0  |4 0  |d 2015-02-12  |l 0  |r 2026-02-24 05:37:22  |w 2026-02-24